| 000 | 00000nam##2200000za#4500 |
| 001 | 9.587653 |
| 003 | CaOODSP |
| 005 | 20210624194734 |
| 007 | cr ||||||||||| |
| 008 | 150406|2008||||xxc|||||o f|0| 0 eng|d |
| 022 | |a1701-1280 |
| 040 | |aCaOODSP|beng |
| 041 | |aeng |
| 041 | |afre |
| 043 | |an-cn--- |
| 086 | 1 |aFs70-4/2008-031-PDF |
| 110 | 1 |aCanada. |bDepartment of Fisheries and Oceans. |
| 245 | 10|aProceedings of the precautionary approach workshop on Canadian shrimp and prawn stocks and fisheries : |h[electronic resource]|bNovember 26-27, 2008, Ottawa, Ontario / |cG. Chouinard and B. Rashotte, co-chairs ; J. Landry, editor. |
| 260 | |aOttawa - Ontario : |bFisheries and Oceans Canada |cJune 2009. |
| 300 | |a168p.|bgraphs, maps (some coloured), references, tables |
| 490 | 1 |aCanadian Science Advisory Secretariat proceedings series|x1701-1280|v2008/031 |
| 590 | |a11-31-Supp|b2011-12-13 |
| 720 | 1 |aChouinard, Ghislain |
| 720 | 1 |aRashotte, B |
| 720 | 1 |aLandry, J. |
| 792 | |tCompte rendu de l'atelier sur l'approche de précaution pour les stocks et pêcheries canadiens de crevette : |efre|w(CaOODSP)9.587654 |
| 830 | #0|aProceedings series (Canadian Science Advisory Secretariat)|x1701-1280|v2008/031|w(CaOODSP)9.500507 |
| 856 | 40|ahttp://publications.gc.ca|qPDF|s3.02 MB|uhttps://publications.gc.ca/collections/collection_2011/mpo-dfo/Fs70-4-2008-031.pdf|y2008/031 |